[Event "Jugend WM U20w"]
[Site "Istanbul"]
[Date "2005.11.14"]
[Round "6.13"]
[White "Bensdorp, Marlies"]
[Black "Purtseladze, Maka"]
[Result "1/2-1/2"]
[WhiteElo "2199"]
[BlackElo "2338"]
[PlyCount "162"]
[EventDate "2005.11.??"]
[EventType "swiss"]
[EventRounds "13"]
[EventCountry "TUR"]
[Source "Reinhold Goldau"]
[SourceDate "2000.03.01"]

1. d4 Nf6 2. c4 e6 3. Nf3 b6 4. e3 Bb4+ 5. Nbd2 Bb7 6. Bd3 c5 7. O-O O-O 8. a3
Bxd2 9. Bxd2 Ne4 10. Be1 d6 11. Qc2 f5 12. Nd2 Nxd2 13. Bxd2 Nd7 14. f3 Qf6 15.
Bc3 Qh6 16. Rae1 g6 17. b4 Bc6 18. Qb2 a5 19. dxc5 axb4 20. axb4 bxc5 21. b5
Bb7 22. e4 fxe4 23. Bxe4 d5 24. Bd3 dxc4 25. Bxc4 Bd5 26. Qe2 Qf4 27. Bd3 Ra2
28. Qd1 Ra3 29. Bb2 Rb3 30. Rf2 c4 31. Be4 Rxb5 32. Qd4 Qf6 33. Qd2 Qf7 34. Qc3
Qf6 35. Qa3 Rb3 36. Qxb3 cxb3 37. Bxf6 Rxf6 38. Rd2 Bxe4 39. Rxe4 Nc5 40. Rc4
Rf5 41. g4 Re5 42. f4 Re1+ 43. Kg2 Ne4 44. Rd7 Re2+ 45. Kf3 Nd2+ 46. Kxe2 Nxc4
47. Kd3 Nb2+ 48. Kc3 Na4+ 49. Kb4 b2 50. Rd1 Nb6 51. Kb3 Nd5 52. Kxb2 Nxf4 53.
Kc2 g5 54. Kd2 Kg7 55. Ke3 h5 56. gxh5 Nxh5 57. Ke4 Kf6 58. Rf1+ Kg6 59. Ke5
Nf4 60. Ra1 Kh5 61. Ra3 Kg6 62. Rg3 Kh5 63. Kf6 g4 64. Ke5 Kg5 65. Ra3 Ne2 66.
Ra8 g3 67. Rg8+ Kh4 68. hxg3+ Nxg3 69. Kxe6 Nh5 70. Kf5 Ng3+ 71. Kf4 Nh5+ 72.
Kf3 Nf6 73. Rg6 Nh5 74. Rg4+ Kh3 75. Ra4 Nf6 76. Ra6 Nh5 77. Rg6 Kh4 78. Ke4
Ng3+ 79. Ke5 Nh5 80. Rg1 Ng3 81. Kd4 Ne2+ 1/2-1/2

[Event "Jugend WM U20w"]
[Site "Istanbul"]
[Date "2005.11.14"]
[Round "6.14"]
[White "Zhang, Jilin"]
[Black "Meshcheriakova, Evgenia"]
[Result "0-1"]
[WhiteElo "2334"]
[BlackElo "2197"]
[PlyCount "86"]
[EventDate "2005.11.??"]
[EventType "swiss"]
[EventRounds "13"]
[EventCountry "TUR"]
[Source "Reinhold Goldau"]
[SourceDate "2000.03.01"]

1. e4 e6 2. d4 d5 3. e5 c5 4. c3 Qb6 5. Nf3 Nc6 6. Be2 cxd4 7. cxd4 Nh6 8. Nc3
Nf5 9. Na4 Bb4+ 10. Kf1 Qd8 11. a3 Be7 12. Be3 O-O 13. Rc1 f6 14. Qd3 fxe5 15.
dxe5 Qa5 16. Bd1 b6 17. Qd2 Ba6+ 18. Kg1 Qb5 19. h4 d4 20. Bf4 Qd5 21. b4 Bb7
22. Qd3 Rac8 23. Bb3 Nxe5 24. Rxc8 Nxd3 25. Rxf8+ Kxf8 26. Bxd5 Bxd5 27. Bb8
Bc6 28. Bxa7 Bxa4 29. g4 Nd6 30. Nxd4 Nc8 31. Bb8 e5 32. Nf5 e4 33. Nxe7 Nxe7
34. Bd6 Kf7 35. Bxe7 Kxe7 36. Rh3 Ke6 37. Re3 Ke5 38. f3 Bc6 39. b5 Bb7 40.
fxe4 Bxe4 41. Kh2 Kf4 42. Re2 Ne5 43. a4 Nf3+ 0-1

[Event "Jugend WM U20w"]
[Site "Istanbul"]
[Date "2005.11.14"]
[Round "6.17"]
[White "Plazaola, Maria De Los Angele"]
[Black "Khukhashvili, Sopiko"]
[Result "1-0"]
[WhiteElo "2087"]
[BlackElo "2362"]
[PlyCount "97"]
[EventDate "2005.11.??"]
[EventType "swiss"]
[EventRounds "13"]
[EventCountry "TUR"]
[Source "Reinhold Goldau"]
[SourceDate "2000.03.01"]

1. e4 c5 2. Nf3 d6 3. d4 cxd4 4. Nxd4 Nf6 5. Nc3 Nc6 6. Be2 e5 7. Nb3 Be7 8.
O-O O-O 9. Kh1 a5 10. a4 Nb4 11. f4 Qc7 12. Bd3 Bg4 13. Qe1 Be6 14. Rf3 Bc4 15.
Nd2 Bxd3 16. cxd3 Nc2 17. Qd1 Nxa1 18. Nc4 d5 19. fxe5 Nxe4 20. Nxd5 Qc5 21.
dxe4 Qxc4 22. Nxe7+ Kh8 23. Bg5 Nc2 24. Nf5 f6 25. exf6 gxf6 26. Qd7 Qg8 27.
Bh6 Rf7 28. Qd2 Rc7 29. Qf4 Qd8 30. h3 Rd7 31. Rg3 Qc7 32. Qh4 Ra6 33. Bg7+
Rxg7 34. Rxg7 Qxg7 35. Nxg7 Kxg7 36. Qg3+ Kh6 37. Qf4+ Kg6 38. Qf5+ Kg7 39. Qc8
Nb4 40. Qxb7+ Kg6 41. Qb5 h6 42. g4 Kg7 43. h4 Kf7 44. Qd7+ Kg6 45. Qf5+ Kg7
46. h5 Kf7 47. Qd7+ Kg8 48. Qe8+ Kh7 49. Qg6+ 1-0

[Event "Jugend WM U20w"]
[Site "Istanbul"]
[Date "2005.11.14"]
[Round "6.18"]
[White "Bashkite, Viktoria"]
[Black "Ciobanu, Camelia"]
[Result "1-0"]
[WhiteElo "2173"]
[BlackElo "2262"]
[PlyCount "99"]
[EventDate "2005.11.??"]
[EventType "swiss"]
[EventRounds "13"]
[EventCountry "TUR"]
[Source "Reinhold Goldau"]
[SourceDate "2000.03.01"]

1. e4 e6 2. d4 d5 3. e5 c5 4. c3 Nc6 5. Nf3 Bd7 6. a3 Nge7 7. b4 cxd4 8. cxd4
Nf5 9. Be3 Rc8 10. Bd3 Be7 11. O-O f6 12. Bxf5 exf5 13. Qd3 O-O 14. Nc3 Be6 15.
Rad1 g5 16. exf6 Bxf6 17. Rfe1 Re8 18. h4 h6 19. hxg5 hxg5 20. g4 Kg7 21. gxf5
Bf7 22. Kg2 Bh5 23. Rh1 Rh8 24. Ne2 Qe7 25. Ng3 Bg4 26. Rde1 Rxh1 27. Rxh1
Bxf3+ 28. Kxf3 Nd8 29. Bxg5 Bxg5 30. Rh7+ Kxh7 31. f6+ Qe4+ 32. Nxe4 dxe4+ 33.
Qxe4+ Kh6 34. Qe7 Rc6 35. Qg7+ Kh5 36. Qh7+ Bh6 37. Qf5+ Bg5 38. f7 Ne6 39. Ke4
Kh4 40. f3 Kg3 41. f8=Q Nxf8 42. Qxg5+ Kf2 43. Qe3+ Kg2 44. Qe2+ Kg3 45. d5 Ra6
46. Qb2 Ng6 47. Qc3 Rb6 48. Qc7+ Kf2 49. d6 Nf8 50. Qe7 1-0

[Event "Jugend WM U20w"]
[Site "Istanbul"]
[Date "2005.11.14"]
[Round "6.21"]
[White "Ortiz, Nadya Karolina"]
[Black "Raghavi, N."]
[Result "0-1"]
[WhiteElo "2218"]
[BlackElo "2104"]
[PlyCount "60"]
[EventDate "2005.11.??"]
[EventType "swiss"]
[EventRounds "13"]
[EventCountry "TUR"]
[Source "Reinhold Goldau"]
[SourceDate "2000.03.01"]

1. e4 c5 2. c3 d5 3. exd5 Qxd5 4. d4 Nf6 5. Nf3 Bg4 6. Be2 e6 7. h3 Bh5 8. O-O
Be7 9. Be3 cxd4 10. cxd4 Nc6 11. Nc3 Qd6 12. a3 O-O 13. Qb3 Rac8 14. Rfd1 Nd5
15. Ne4 Qb8 16. Rac1 Rfd8 17. Nc5 b6 18. Na6 Qd6 19. Qa4 Bf6 20. b4 Nce7 21.
Qb3 Nf5 22. Qd3 Nfxe3 23. fxe3 Bxf3 24. Rxc8 Rxc8 25. Bxf3 Rc3 26. Qb5 Nxe3 27.
Rb1 Bxd4 28. Kh1 g6 29. Be4 Qg3 30. Qe8+ Kg7 0-1

[Event "Jugend WM U20w"]
[Site "Istanbul"]
[Date "2005.11.14"]
[Round "6.22"]
[White "Raeva, Elitsa"]
[Black "Gevorgyan, Irina"]
[Result "1-0"]
[WhiteElo "2213"]
[BlackElo "2099"]
[PlyCount "185"]
[EventDate "2005.11.??"]
[EventType "swiss"]
[EventRounds "13"]
[EventCountry "TUR"]
[Source "Reinhold Goldau"]
[SourceDate "2000.03.01"]

1. d4 Nf6 2. c4 e6 3. Nf3 b6 4. Bg5 Bb7 5. e3 Be7 6. Bd3 d6 7. O-O c5 8. Nc3
Nbd7 9. Bc2 cxd4 10. exd4 O-O 11. Bf4 d5 12. b3 Rc8 13. Qd3 dxc4 14. bxc4 Bxf3
15. gxf3 g6 16. Kh1 Nh5 17. Bh6 Re8 18. Rg1 Bd6 19. Ne4 Bb8 20. Ba4 Qc7 21. Rg2
Red8 22. Qa3 Qxc4 23. Rc1 Qa6 24. Rxc8 Rxc8 25. Qb3 Ne5 26. Rg1 Qb7 27. Qe3 Nd7
28. Qg5 Ng7 29. Bb3 Qc7 30. Qh4 Nf5 31. Qh3 Nxh6 32. Qxh6 Qf4 33. Ng5 Nf6 34.
d5 Nh5 35. Qxh5 gxh5 36. Nxe6+ Kh8 37. Nxf4 Bxf4 38. d6 Bxd6 39. Bxf7 h4 40.
Bd5 h6 41. Rg6 Bf4 42. Kg2 Rc5 43. Rg8+ Kh7 44. Rd8 Rc7 45. Kh3 Be5 46. Re8 Bd4
47. Be4+ Kg7 48. Kxh4 Bxf2+ 49. Kg4 Bc5 50. Re6 Re7 51. Rg6+ Kh7 52. Rc6+ Kg7
53. Bf5 Be3 54. f4 h5+ 55. Kf3 Bc5 56. Be4 Rf7 57. Rg6+ Kf8 58. Rh6 Ke7 59.
Rxh5 Bd6 60. f5 Be5 61. Rh6 Bf6 62. Bd5 Rg7 63. Bb3 a6 64. h3 a5 65. Ke4 Rg5
66. Be6 b5 67. Kd5 b4 68. Kc4 Rg7 69. Bd5 Rg5 70. Be4 Rg1 71. Kb5 Re1 72. Bc2
Re5+ 73. Ka4 Rc5 74. Be4 Re5 75. Bd3 Rd5 76. Rh7+ Kd6 77. Bb5 Rxf5 78. Kxa5 Bc3
79. Ka4 Ke5 80. Bc4 Kd4 81. Bb3 Rf6 82. Kb5 Rf5+ 83. Kc6 Ke5 84. Rh4 Rf4 85.
Rh5+ Ke4 86. Rh7 Rf6+ 87. Kd7 Kd4 88. h4 Bd2 89. h5 Rh6 90. Rxh6 Bxh6 91. Ke6
Ke4 92. Kf6 Kf4 93. Kg6 1-0

[Event "Jugend WM U20w"]
[Site "Istanbul"]
[Date "2005.11.14"]
[Round "6.23"]
[White "Bensdorp, Laura"]
[Black "Gregorova, Zuzana"]
[Result "1-0"]
[WhiteElo "2090"]
[BlackElo "2183"]
[PlyCount "109"]
[EventDate "2005.11.??"]
[EventType "swiss"]
[EventRounds "13"]
[EventCountry "TUR"]
[Source "Reinhold Goldau"]
[SourceDate "2000.03.01"]

1. e4 d5 2. exd5 Nf6 3. d4 Nxd5 4. c4 Nb6 5. Nc3 e5 6. dxe5 Qxd1+ 7. Kxd1 Bf5
8. Nf3 Nc6 9. Be3 O-O-O+ 10. Kc1 Nb4 11. Nd4 Bg6 12. a3 c5 13. Nf3 Nc2 14. Ra2
Nxe3 15. fxe3 Be7 16. b3 Rhe8 17. Be2 Bf8 18. Rf1 Nd7 19. Nh4 Nxe5 20. Nxg6
hxg6 21. Nd5 f6 22. Rd2 Bd6 23. h3 Nf7 24. Bd3 Ne5 25. Bc2 Bc7 26. Rdd1 a6 27.
Kb2 Ba5 28. Rf2 f5 29. Kc1 b5 30. b4 cxb4 31. axb4 Bc7 32. c5 Nc4 33. Rd3 Re5
34. Nf4 Rxd3 35. Bxd3 Rxe3 36. Bxc4 Rc3+ 37. Kd1 Rxc4 38. Nxg6 Rxb4 39. Rxf5 a5
40. Kc2 a4 41. Rf3 Kb7 42. Ne7 Be5 43. c6+ Ka6 44. g4 Rc4+ 45. Kb1 b4 46. Nd5
Kb5 47. Rf5 Bd6 48. c7 Ka6 49. Rf7 Be5 50. Re7 Bf6 51. Re8 b3 52. c8=Q+ Rxc8
53. Rxc8 Kb7 54. Rc4 a3 55. Nxf6 1-0

[Event "Jugend WM U20w"]
[Site "Istanbul"]
[Date "2005.11.14"]
[Round "6.24"]
[White "Zhang, Xiaowen"]
[Black "Alimova, Maral"]
[Result "1/2-1/2"]
[WhiteElo "2153"]
[BlackElo "2053"]
[PlyCount "60"]
[EventDate "2005.11.??"]
[EventType "swiss"]
[EventRounds "13"]
[EventCountry "TUR"]
[Source "Reinhold Goldau"]
[SourceDate "2000.03.01"]

1. e4 g6 2. d4 Bg7 3. Nc3 c6 4. Be3 d5 5. f3 Qb6 6. Qd2 Qxb2 7. Rb1 Qa3 8. exd5
Nf6 9. dxc6 bxc6 10. Bf4 Na6 11. Bc4 Qa5 12. Nge2 O-O 13. O-O Qd8 14. Bh6 Nc7
15. Ne4 Ncd5 16. Bd3 Nxe4 17. fxe4 Nb6 18. Bxg7 Kxg7 19. Qc3 Kg8 20. Qxc6 Bg4
21. Qc3 Rc8 22. Qd2 Nc4 23. Bxc4 Rxc4 24. d5 Rxe4 25. Ng3 Rc4 26. Rf4 Rxf4 27.
Qxf4 Bc8 28. c4 Qa5 29. Qf2 Ba6 30. Rc1 Rc8 1/2-1/2

[Event "Jugend WM U20w"]
[Site "Istanbul"]
[Date "2005.11.14"]
[Round "6.25"]
[White "Frank Nielsen, Marie"]
[Black "Djukic, Sandra"]
[Result "0-1"]
[WhiteElo "1919"]
[BlackElo "2140"]
[PlyCount "90"]
[EventDate "2005.11.??"]
[EventType "swiss"]
[EventRounds "13"]
[EventCountry "TUR"]
[Source "Reinhold Goldau"]
[SourceDate "2000.03.01"]

1. e4 c5 2. c3 d5 3. exd5 Qxd5 4. d4 Nf6 5. Nf3 Bg4 6. Be2 e6 7. O-O cxd4 8.
cxd4 Nc6 9. Nc3 Qd8 10. h3 Bh5 11. Qb3 a6 12. Bg5 b5 13. d5 Na5 14. Qd1 Be7 15.
dxe6 fxe6 16. Nd4 Bf7 17. Bf3 Rc8 18. Re1 Qd7 19. a3 Nc4 20. b3 Nd6 21. Rc1 O-O
22. Qe2 Rfe8 23. Red1 Bf8 24. Bxf6 gxf6 25. Ne4 Nxe4 26. Rxc8 Qxc8 27. Qxe4 f5
28. Qh4 e5 29. Qg5+ Bg6 30. Bd5+ Kh8 31. Nc6 Qc7 32. Rc1 Qd6 33. Rd1 Qc7 34.
Rc1 Qg7 35. b4 h6 36. Qh4 Kh7 37. g4 fxg4 38. hxg4 e4 39. Re1 Qd7 40. Rd1 Qg7
41. Re1 Qc3 42. f4 exf3 43. Rxe8 Bxe8 44. Be4+ Kh8 45. Nd8 Qd4+ 0-1

[Event "Jugend WM U20w"]
[Site "Istanbul"]
[Date "2005.11.14"]
[Round "6.26"]
[White "Gutierrez Castillo, Paloma"]
[Black "Mezioud, Amina"]
[Result "1-0"]
[WhiteElo "2127"]
[BlackElo "1978"]
[PlyCount "37"]
[EventDate "2005.11.??"]
[EventType "swiss"]
[EventRounds "13"]
[EventCountry "TUR"]
[Source "Reinhold Goldau"]
[SourceDate "2000.03.01"]

1. e4 e5 2. Nf3 Nc6 3. Bc4 Bc5 4. c3 Nf6 5. d3 d6 6. Nbd2 O-O 7. Bb3 a6 8. Nf1
Be6 9. Ng3 h6 10. O-O Ba7 11. h3 Qd7 12. Kh2 Rfe8 13. Nh4 Ne7 14. f4 exf4 15.
Rxf4 Ng6 16. Rxf6 gxf6 17. Nhf5 Bf2 18. Nh5 Qd8 19. Qd2 1-0

[Event "Jugend WM U20w"]
[Site "Istanbul"]
[Date "2005.11.14"]
[Round "6.27"]
[White "Topel, Zehra"]
[Black "Tilenbaeva, Janyl"]
[Result "0-1"]
[WhiteElo "2105"]
[BlackElo "2019"]
[PlyCount "44"]
[EventDate "2005.11.??"]
[EventType "swiss"]
[EventRounds "13"]
[EventCountry "TUR"]
[Source "Reinhold Goldau"]
[SourceDate "2000.03.01"]

1. d4 d5 2. c4 c6 3. Nc3 Nf6 4. Nf3 dxc4 5. a4 Bf5 6. e3 e6 7. Bxc4 Bb4 8. O-O
O-O 9. h3 Nbd7 10. Nh4 Ne4 11. Nxf5 exf5 12. Nxe4 fxe4 13. Qc2 Qh4 14. a5 Bd6
15. b3 Nf6 16. Ba3 Rad8 17. Be2 Nd5 18. a6 Rfe8 19. Bxd6 Rxd6 20. axb7 Rg6 21.
Kh2 Nxe3 22. g3 Qxh3+ 0-1

[Event "Jugend WM U20w"]
[Site "Istanbul"]
[Date "2005.11.14"]
[Round "6.29"]
[White "Hoolt, Sarah"]
[Black "Xu, Ruoyin"]
[Result "1-0"]
[WhiteElo "2144"]
[BlackElo "2079"]
[PlyCount "121"]
[EventDate "2005.11.??"]
[EventType "swiss"]
[EventRounds "13"]
[EventCountry "TUR"]
[Source "Reinhold Goldau"]
[SourceDate "2000.03.01"]

1. e4 e5 2. Bc4 Nc6 3. c3 Nf6 4. d3 Be7 5. Nf3 O-O 6. Nbd2 d5 7. Bb3 h6 8. Qe2
Re8 9. h3 Bf8 10. O-O Be6 11. Bc2 Qd7 12. Re1 Rad8 13. Nf1 g6 14. Ba4 Qd6 15.
d4 Nxe4 16. Nxe5 Bg7 17. f3 Ng5 18. Bf4 Qf8 19. h4 Nh7 20. Qd2 Nxe5 21. Bxe5
Bd7 22. Bc2 Bxe5 23. dxe5 c6 24. h5 Qg7 25. Re2 Nf8 26. Rae1 Be6 27. Ng3 c5 28.
Qd3 b6 29. f4 Bg4 30. Rf2 c4 31. Qd4 Ne6 32. Qe3 d4 33. cxd4 Nxd4 34. hxg6 fxg6
35. Be4 Nf5 36. Nxf5 Bxf5 37. Rf3 Qf7 38. Rg3 Kh7 39. a4 Rf8 40. Rc1 Bxe4 41.
Qxe4 Qf5 42. Rxc4 Qxe4 43. Rxe4 Rde8 44. Rd4 Re7 45. Rc3 Kg7 46. g3 Rff7 47.
Kg2 g5 48. Rc6 Rc7 49. Rxc7 Rxc7 50. f5 Kf7 51. Kf3 h5 52. Rd6 h4 53. gxh4 gxh4
54. Kg4 h3 55. Rh6 Rc4+ 56. Kg5 Rxa4 57. e6+ Ke7 58. Rh7+ Kd6 59. Rxh3 Re4 60.
Rd3+ Kc6 61. Kf6 1-0

[Event "Jugend WM U20w"]
[Site "Istanbul"]
[Date "2005.11.14"]
[Round "6.31"]
[White "Reppen, Ellisiv"]
[Black "Chaumont, Adeline"]
[Result "0-1"]
[WhiteElo "1850"]
[BlackElo "2035"]
[PlyCount "103"]
[EventDate "2005.11.??"]
[EventType "swiss"]
[EventRounds "13"]
[EventCountry "TUR"]
[Source "Reinhold Goldau"]
[SourceDate "2000.03.01"]

1. e4 e6 2. d4 d5 3. exd5 exd5 4. Nf3 Bd6 5. Bd3 Nf6 6. Bg5 O-O 7. O-O Bg4 8.
Nbd2 Nbd7 9. c3 c6 10. Qc2 Qc7 11. h3 Bh5 12. Rae1 Bg6 13. Nh4 Rae8 14. Nxg6
fxg6 15. c4 Kh8 16. c5 Bf4 17. Nf3 Rxe1 18. Rxe1 Re8 19. Rxe8+ Nxe8 20. Qe2
Ndf6 21. Qe6 Qb8 22. Qe7 h6 23. Qf8+ Kh7 24. Nh4 Bh2+ 25. Kh1 Ne4 26. Be3 N8f6
27. Qxb8 Bxb8 28. Kg1 g5 29. Nf3 Kg8 30. Ne5 Bxe5 31. dxe5 Nd7 32. Bxe4 dxe4
33. Bd4 Nf8 34. g3 Kf7 35. Kf1 Ke6 36. Ke2 Kd5 37. Bc3 Kxc5 38. Ke3 Kd5 39. f4
exf3 40. Kxf3 g6 41. h4 gxh4 42. gxh4 h5 43. Kf4 Ne6+ 44. Ke3 c5 45. a3 a6 46.
b3 Nd4 47. b4 b6 48. bxc5 bxc5 49. Ba5 Kxe5 50. Bc7+ Kd5 51. Kd3 c4+ 52. Kd2
0-1

[Event "Jugend WM U20w"]
[Site "Istanbul"]
[Date "2005.11.14"]
[Round "6.32"]
[White "Pavlogianni, Despina"]
[Black "Almer, Julia"]
[Result "1-0"]
[WhiteElo "1989"]
[BlackElo "1943"]
[PlyCount "39"]
[EventDate "2005.11.??"]
[EventType "swiss"]
[EventRounds "13"]
[EventCountry "TUR"]
[Source "Reinhold Goldau"]
[SourceDate "2000.03.01"]

1. e4 e5 2. Nf3 Nc6 3. Bc4 Nf6 4. O-O Bc5 5. d4 exd4 6. e5 d5 7. exf6 dxc4 8.
fxg7 Rg8 9. Bg5 Qd6 10. Re1+ Be6 11. Nbd2 Qd7 12. Nxc4 Rxg7 13. Bf6 Rg8 14. Ng5
Qd5 15. Qh5 Rg6 16. Ne5 Rxf6 17. Nxe6 Bd6 18. Nxc7+ Bxc7 19. Nxc6+ Qe6 20. Nxd4
1-0

[Event "Jugend WM U20w"]
[Site "Istanbul"]
[Date "2005.11.16"]
[Round "7.1"]
[White "Kadziolka, Beata"]
[Black "Gu, Xiaobing"]
[Result "1/2-1/2"]
[WhiteElo "2352"]
[BlackElo "2330"]
[PlyCount "140"]
[EventDate "2005.11.??"]
[EventType "swiss"]
[EventRounds "13"]
[EventCountry "TUR"]
[Source "Reinhold Goldau"]
[SourceDate "2000.03.01"]

1. e4 c5 2. Nf3 d6 3. d4 Nf6 4. Nc3 cxd4 5. Nxd4 a6 6. Bc4 e6 7. O-O b5 8. Bb3
b4 9. Na4 Nxe4 10. Re1 d5 11. c4 bxc3 12. Nxc3 Nxc3 13. bxc3 Be7 14. Bf4 Bd7
15. Nf5 O-O 16. Bxd5 Nc6 17. Nxe7+ Qxe7 18. Bb3 Rfc8 19. Qd3 Be8 20. Bc2 g6 21.
Qg3 Qc5 22. Bd6 Qa5 23. Bb3 Kg7 24. Re4 Ra7 25. Rae1 Rd7 26. Qf4 Qf5 27. Qg3
Rcd8 28. Rf4 Qa5 29. Ra4 Qf5 30. Rf4 Qa5 31. Ra4 Qf5 32. Bf4 e5 33. Be3 a5 34.
h4 h5 35. Re4 Kh7 36. Bb6 Rd3 37. R4e3 Rxe3 38. Rxe3 Rd7 39. Kh2 Qb1 40. Bxa5
Nxa5 41. Qxe5 Nxb3 42. Qxe8 Nc5 43. Re5 Qc1 44. g3 Qd2 45. Kg2 Ne6 46. Ra5 Kg7
47. Ra8 Rd8 48. Rxd8 Qxd8 49. Qa4 Qd5+ 50. Kf1 Qd3+ 51. Kg2 Qxc3 52. Qb5 Qf3+
53. Kxf3 Nd4+ 54. Ke3 Nxb5 55. a4 Nc7 56. Kd4 Kf6 57. Kc5 Ke6 58. Kc6 Nd5 59.
a5 f6 60. f4 Ne7+ 61. Kc7 Nd5+ 62. Kc6 f5 63. Kc5 Nc7 64. Kc6 Na6 65. Kb6 Nb8
66. Kc7 Na6+ 67. Kb6 Nb4 68. Kc5 Nd3+ 69. Kc4 Nb2+ 70. Kb3 Nd3 1/2-1/2

[Event "Jugend WM U20w"]
[Site "Istanbul"]
[Date "2005.11.16"]
[Round "7.2"]
[White "Mamedjarova, Turkan"]
[Black "Aketaeva, Dana"]
[Result "1/2-1/2"]
[WhiteElo "2223"]
[BlackElo "2256"]
[PlyCount "94"]
[EventDate "2005.11.??"]
[EventType "swiss"]
[EventRounds "13"]
[EventCountry "TUR"]
[Source "Reinhold Goldau"]
[SourceDate "2000.03.01"]

1. d4 Nf6 2. Nf3 e6 3. e3 b6 4. Bd3 Bb7 5. Nbd2 d5 6. c4 Be7 7. b3 O-O 8. Qc2
c5 9. Bb2 Nc6 10. a3 h6 11. dxc5 bxc5 12. O-O Rc8 13. Rad1 Qc7 14. Bxf6 Bxf6
15. cxd5 exd5 16. Bf5 Rcd8 17. Qxc5 Qb8 18. b4 g6 19. Bh3 Ne5 20. Nxe5 Bxe5 21.
Nf3 Bd6 22. Qd4 Rfe8 23. g3 Re4 24. Qb2 Rc4 25. Qf6 Re8 26. Rd4 Bf8 27. Qf4 Rc7
28. b5 Bg7 29. Rb4 Qd8 30. Nd4 Rc3 31. Bg2 Rxa3 32. Nc6 Qd7 33. Rd1 g5 34. Qf3
Bxc6 35. bxc6 Qxc6 36. Qf5 Qe6 37. Qxd5 Qxd5 38. Bxd5 Bf8 39. Rb7 Re7 40. Rb8
Kg7 41. Rc1 Rd7 42. e4 Bd6 43. Re8 Re7 44. Rxe7 Bxe7 45. Rc7 Kf8 46. f4 gxf4
47. gxf4 Rd3 1/2-1/2

[Event "Jugend WM U20w"]
[Site "Istanbul"]
[Date "2005.11.16"]
[Round "7.3"]
[White "Dzagnidze, Nana"]
[Black "Paehtz, Elisabeth"]
[Result "1/2-1/2"]
[WhiteElo "2443"]
[BlackElo "2408"]
[PlyCount "76"]
[EventDate "2005.11.??"]
[EventType "swiss"]
[EventRounds "13"]
[EventCountry "TUR"]
[Source "Reinhold Goldau"]
[SourceDate "2000.03.01"]

1. d4 e6 2. Nf3 c5 3. c4 cxd4 4. Nxd4 Nf6 5. Nc3 Bb4 6. Nc2 Bxc3+ 7. bxc3 Qa5
8. Qd3 Na6 9. f3 O-O 10. Ba3 Nc5 11. Qd4 b6 12. e4 e5 13. Qd2 Ba6 14. Be2 Rac8
15. Bb4 Qa4 16. Ne3 Qc6 17. O-O Qe6 18. Rad1 Rfd8 19. Nf5 Ne8 20. Rf2 g6 21.
Ne3 Nf6 22. Bf1 Bb7 23. Qe1 d6 24. Rfd2 Ne8 25. Qh4 f6 26. g3 Rc7 27. Ba3 Qe7
28. Bg2 Qg7 29. Bh3 Qf7 30. Bf1 Qg7 31. Qh3 Bc8 32. Qg2 Bb7 33. Qe2 Qh6 34. Bg2
Qg7 35. Bh3 Qe7 36. Qf1 Ng7 37. Qe2 Qf8 38. Bb4 Qe7 1/2-1/2

[Event "Jugend WM U20w"]
[Site "Istanbul"]
[Date "2005.11.16"]
[Round "7.5"]
[White "Sharevich, Anna"]
[Black "Vasilevich, Irina"]
[Result "0-1"]
[WhiteElo "2305"]
[BlackElo "2389"]
[PlyCount "68"]
[EventDate "2005.11.??"]
[EventType "swiss"]
[EventRounds "13"]
[EventCountry "TUR"]
[Source "Reinhold Goldau"]
[SourceDate "2000.03.01"]

1. d4 Nf6 2. c4 e6 3. g3 d5 4. Bg2 dxc4 5. Qa4+ Nbd7 6. Nf3 a6 7. Qxc4 b5 8.
Qc2 Bb7 9. O-O c5 10. dxc5 Bxc5 11. Nc3 Rc8 12. a3 O-O 13. Bg5 h6 14. Bxf6 Nxf6
15. e3 Qb6 16. Qe2 Rfd8 17. Rac1 Be7 18. e4 b4 19. axb4 Bxb4 20. e5 Nd5 21. Ne4
a5 22. Nh4 Ba6 23. Qg4 Bxf1 24. Rxf1 Be7 25. Bh3 Qxb2 26. Nf3 Rc1 27. Ned2
Rxf1+ 28. Bxf1 Qb4 29. Nc4 Nb6 30. Nd4 Nxc4 31. Nxe6 fxe6 32. Qxe6+ Kh8 33.
Bxc4 Rd1+ 34. Kg2 Qb7+ 0-1

[Event "Jugend WM U20w"]
[Site "Istanbul"]
[Date "2005.11.16"]
[Round "7.6"]
[White "Meshcheriakova, Evgenia"]
[Black "Tania, Sachdev"]
[Result "0-1"]
[WhiteElo "2197"]
[BlackElo "2379"]
[PlyCount "102"]
[EventDate "2005.11.??"]
[EventType "swiss"]
[EventRounds "13"]
[EventCountry "TUR"]
[Source "Reinhold Goldau"]
[SourceDate "2000.03.01"]

1. e4 c5 2. Nf3 e6 3. Nc3 a6 4. d4 cxd4 5. Nxd4 Qc7 6. Bd3 Nf6 7. O-O Nc6 8.
Nb3 b5 9. f4 d6 10. Qe2 Be7 11. Bd2 Bb7 12. a4 b4 13. Nd1 O-O 14. a5 Nd7 15.
Ne3 Bf6 16. c3 bxc3 17. bxc3 Rfb8 18. Rfb1 Bc8 19. Kh1 g6 20. Qf3 Bg7 21. Nc4
Bb7 22. Qf2 Rf8 23. Nd4 Nc5 24. Bc2 Nxd4 25. cxd4 Nxe4 26. Bxe4 Bxe4 27. Rc1
Qa7 28. Nb6 Rad8 29. Bc3 f5 30. Bb2 Rf7 31. Ra3 Rc7 32. Rxc7 Qxc7 33. Rc3 Qe7
34. Rc1 e5 35. d5 Bh6 36. Rc6 Bxf4 37. Ba3 Qb7 38. Qh4 g5 39. Qh6 Qf7 40. Bxd6
g4 41. Qh4 Re8 42. Rc7 Qg6 43. Re7 Rxe7 44. Qxe7 Qf7 45. Qd8+ Kg7 46. Nd7 Bxg2+
47. Kxg2 Qxd5+ 48. Kf2 Qxd6 49. Qc8 Qd2+ 50. Kf1 Qd1+ 51. Kf2 Qf3+ 0-1

[Event "Jugend WM U20w"]
[Site "Istanbul"]
[Date "2005.11.16"]
[Round "7.7"]
[White "Khotenashvili, Bela"]
[Black "Karavade, Eesha"]
[Result "1/2-1/2"]
[WhiteElo "2288"]
[BlackElo "2348"]
[PlyCount "118"]
[EventDate "2005.11.??"]
[EventType "swiss"]
[EventRounds "13"]
[EventCountry "TUR"]
[Source "Reinhold Goldau"]
[SourceDate "2000.03.01"]

1. e4 c5 2. f4 d6 3. Bb5+ Bd7 4. Bxd7+ Qxd7 5. Nf3 Nc6 6. O-O g6 7. c3 Bg7 8.
d4 cxd4 9. cxd4 d5 10. exd5 Qxd5 11. Be3 Nf6 12. Nc3 Qa5 13. Qb3 O-O 14. Ne5
Qb6 15. Bf2 e6 16. Qa3 Qd8 17. Rac1 Ne7 18. Na4 Ne4 19. Qe3 Nd6 20. Nc5 Nd5 21.
Qf3 Qa5 22. a3 Rac8 23. b4 Qd8 24. Rfe1 Re8 25. Qg4 Qb6 26. h4 a5 27. h5 Nf6
28. Ncd7 Nxd7 29. Nxd7 Qb5 30. Rxc8 Rxc8 31. Ne5 gxh5 32. Qxh5 axb4 33. axb4
Qd5 34. Qe2 Qb3 35. Qg4 Qxb4 36. Re3 Qxd4 37. Rg3 Qa1+ 38. Kh2 Nf5 39. Rd3 Qf1
40. Bg3 f6 41. Rd1 Qa6 42. Nd7 Kh8 43. Bf2 Qa2 44. Qf3 Rg8 45. Nc5 b5 46. Re1
Qd5 47. Rxe6 Qxf3 48. gxf3 Bh6 49. Rxf6 Rf8 50. Rxf8+ Bxf8 51. Kh3 h5 52. Ne6
Be7 53. Nd4 Nxd4 54. Bxd4+ Kg8 55. f5 Kf7 56. Bc3 Bf6 57. Bb4 Ke8 58. f4 Kd7
59. Kg3 Kc6 1/2-1/2

[Event "Jugend WM U20w"]
[Site "Istanbul"]
[Date "2005.11.16"]
[Round "7.8"]
[White "Mongontuul, Bathuyag"]
[Black "Pourkashiyan, Atousa"]
[Result "1/2-1/2"]
[WhiteElo "2408"]
[BlackElo "2271"]
[PlyCount "102"]
[EventDate "2005.11.??"]
[EventType "swiss"]
[EventRounds "13"]
[EventCountry "TUR"]
[Source "Reinhold Goldau"]
[SourceDate "2000.03.01"]

1. e4 e5 2. Nf3 Nf6 3. Nxe5 d6 4. Nf3 Nxe4 5. d4 d5 6. Bd3 Be7 7. O-O Nc6 8. c4
Nb4 9. Be2 O-O 10. Nc3 Bf5 11. a3 Nxc3 12. bxc3 Nc6 13. Re1 Re8 14. Bf4 Rc8 15.
cxd5 Qxd5 16. c4 Qe4 17. Qd2 Bf6 18. Rad1 Qc2 19. h3 h6 20. Kf1 g5 21. Be3 Rcd8
22. d5 Qxd2 23. Rxd2 Na5 24. Bd4 Kg7 25. Rb2 Re4 26. Rd1 b6 27. Bxf6+ Kxf6 28.
Nd4 Bc8 29. f3 Re3 30. Nb5 Ba6 31. Kf2 Re7 32. Nxa7 Bxc4 33. Bxc4 Nxc4 34. Ra2
Red7 35. Rc2 Ne5 36. Nc6 Rxd5 37. Rxd5 Rxd5 38. Nxe5 Kxe5 39. Rxc7 Rd2+ 40. Kg3
f5 41. Re7+ Kf6 42. Rh7 Kg6 43. Rb7 Rb2 44. a4 f4+ 45. Kh2 Rb4 46. Ra7 Kh5 47.
Ra6 Rb2 48. a5 bxa5 49. Rxa5 Rc2 50. Ra6 Rb2 51. Rf6 Rb4 1/2-1/2